LEADER 02079nam0 2200469 i 450 001 VAN00125241 005 20250116124906.547 017 70$2N$a9783319747699 100 $a20191105d2018 |0itac50 ba 101 $aeng 102 $aCH 105 $a|||| ||||| 181 $ai$b e 182 $ab 200 1 $aLiquid-Crystal Nanomaterials$eTribology and Applications$fSergey F. Ermakov, Nikolai K. Myshkin 210 $aCham$cSpringer$d2018 215 $aXVI, 215 p.$cill.$d24 cm 410 1$1001VAN00023990$12001 $aSpringer series in materials science$1210 $aBerlin$cSpringer$d1986-$v267 620 $aCH$dCham$3VANL001889 676 $a530.42$cFisica dello stato liquido$v22 676 $a620.192$cPolimeri$v22 676 $a620.5$cNanotecnologia$v22 676 $a621.39$cMicroingegneria$v22 676 $a620.1$cScienze dei materiali$v22 676 $a621.89$cTribologia$v22 676 $a532.05$cDinamica$v22 700 1$aErmakov$bSergey F.$3VANV096686$0768274 701 1$aMyshkin$bNikolai K.$3VANV096687$0768275 712 $aSpringer $3VANV108073$4650 790 1$aErmakov, S. F.$zErmakov, Sergey F.$3VANV103699 790 1$aErmakov, S.F.$zErmakov, Sergey F.$3VANV213441 790 1$aMyshkin, N. K.$zMyshkin, Nikolai K.$3VANV103700 790 1$aMyshkin, Nikolai Konstantinovich$zMyshkin, Nikolai K.$3VANV213442 790 1$aMyshkin, N.K.$zMyshkin, Nikolai K.$3VANV213443 801 $aIT$bSOL$c20250117$gRICA 856 4 $uhttps://link.springer.com/book/10.1007/978-3-319-74769-9$zE-book - Accesso al full-text attraverso riconoscimento IP di Ateneo, proxy e/o Shibboleth 899 $aBIBLIOTECA DEL DIPARTIMENTO DI SCIENZE E TECNOLOGIE AMBIENTALI BIOLOGICHE E FARMACEUTICHE$1IT-CE0101$2VAN17 912 $fN 912 $aVAN00125241 950 $aBIBLIOTECA DEL DIPARTIMENTO DI SCIENZE E TECNOLOGIE AMBIENTALI BIOLOGICHE E FARMACEUTICHE$d17CONS e-book 2112 $e17BIB2112/114 114 20191105 996 $aLiquid-Crystal Nanomaterials$91564801 997 $aUNICAMPANIA LEADER 01795nam0 22004333i 450 001 VAN00218223 005 20250217042513.600 017 70$2N$a9783030123581 100 $a20210927d2019 |0itac50 ba 101 $aeng 102 $aCH 105 $a|||| ||||| 200 1 $aMathematics of Quantum Computing$eAn Introduction$fWolfgang Scherer 210 $aCham$cSpringer$d2019 215 $axix, 764 p.$cill.$d24 cm 500 1$3VAN00218224$aMathematik der Quanteninformatik$92598111 606 $a81-XX$xQuantum theory [MSC 2020]$3VANC019967$2MF 606 $a81P18$xQuantum state tomography, quantum state discrimination [MSC 2020]$3VANC036340$2MF 610 $aBell inequality$9KW:K 610 $aEntanglement Measures$9KW:K 610 $aGrover search algorithm$9KW:K 610 $aPhase Estimation$9KW:K 610 $aQuantum Computing$9KW:K 610 $aQuantum Error Correction$9KW:K 610 $aQuantum algorithms$9KW:K 610 $aSearch for Hidden Subgroup$9KW:K 610 $aShor factorization algorithm$9KW:K 610 $aText quantum information$9KW:K 620 $aCH$dCham$3VANL001889 700 1$aScherer$bWolfgang$3VANV185796$01064459 712 $aSpringer $3VANV108073$4650 801 $aIT$bSOL$c20250221$gRICA 856 4 $uhttp://doi.org/10.1007/978-3-030-12358-1$zE-book ? Accesso al full-text attraverso riconoscimento IP di Ateneo, proxy e/o Shibboleth 899 $aBIBLIOTECA DEL DIPARTIMENTO DI MATEMATICA E FISICA$1IT-CE0120$2VAN08 912 $fN 912 $aVAN00218223 950 $aBIBLIOTECA DEL DIPARTIMENTO DI MATEMATICA E FISICA$d08DLOAD e-book 3947 $e08eMF3947 20210927 996 $aMathematik der Quanteninformatik$92598111 997 $aUNICAMPANIA